les films avec Christian Bale - Statistiques

Statistiques générales
  • Ce quiz a été pris 161 fois
  • Le résultat moyen est 7 sur 26
Statistiques - réponses
Rôles Films % Correct
Un super-héros sans pouvoirs Batman
98%
Patrick Batman, un golden-boy psychopathe American Psycho
86%
Un magicien de la fin du XIXe siècle, jugé pour l'assassinat Le prestige
68%
Un ouvrier de maintenance très maigre et insomniaque qui n'a pas dormi depuis 1 ans The Machinist
61%
Un gestionnaire de fonds spéculatifs qui va gagner des millions de dollars The Big Short
40%
Dick Cheney Vice
38%
Un ancien boxeur et ex toxico va aider son frère boxeur également Fighter
34%
En 2072, un ecclésiastique qui va commencer à ressentir des émotions Équilibrium
28%
John Connor, un leader charismatique de la lutte contre les machines Terminator Renaissance
28%
Un agent du FBI chargé de traquer l'ennemi numéro 1 interprété par Johnny Deep Public Enemies
26%
Moïse Exodus
25%
En 1892, un capitaine de Cavalerie qui escorte un chef de guerre cheyenne Hostiles
24%
En 1941, un jeune britannique emprisonné Empire du soleil
22%
Un brillant escroc s'associe avec la mafia pour piéger un policier corrompu American Bluff
21%
Un ouvrier soudeur prêt a tout pour retrouver son frère Les brasiers de la colère
16%
En 1966, un pilote qui doit bombarder le Vietnam et qui se crash en avion Rescue Dawn
16%
Un fermier infirme pendant la guerre de Sécession 3h10 pour Yuma
14%
Un colon Anglais qui se marie avec Pocahontas Le Nouveau Monde
14%
Laurie Lawrence les quatre filles du docteur March
12%
Un ancien militaire qui attend désespérément d'être intégré dans la police antiterroriste Bad Times
10%
Un photographe reporter Américain qui tente de témoigner du génocide Arménien La promesse
10%
Un fils de riche promoteur immobilier qui tue un étudiant noir Shaft
9%
Un écrivain dépressif qui ne s'est jamais remis de la mort de son frère Knight of Cups
8%
En 1939, un jeune allemand rebelle va devoir d'engager dans la jeunesse Hitlerienne Swing Kids
8%
Un jeune homme modèle qui retourne vivre chez sa mère et tombe amoureux d'une collègue Laurel Canyon
5%
En 1937, en Chine, un Thanatopracteur américain The Flowers of War
5%
Aucun quiz correspondant
Distribution des résultats
% des personnes avec chaque résultat
Percentile par nombre de réponses
Votre historique - résultats
Vous n’avez pas pris ce quiz